| 000 | 01024nas a2200349 4500 | ||
|---|---|---|---|
| 001 | BR0502371 | ||
| 003 | BR-BrBNA | ||
| 005 | 20231205105340.0 | ||
| 007 | ta | ||
| 008 | 230509b bl.|||p| |||| 00| 00por d | ||
| 040 |
_aBR-BrBNA _bpor _cBiblioteca Nacional de Agricultura |
||
| 041 | _a(Pt) | ||
| 072 | _aJ11; Q80 | ||
| 100 | 1 | _aNunes, E.E. | |
| 100 | 1 | _aVilas Boas, B.M. | |
| 100 | 1 | _aCarvalho, G.L. de | |
| 100 | 1 | _aSiqueira, H.H. de | |
| 100 | 1 | _aLima, L.C. de O. | |
| 245 | 1 | _aVida útil de pêssego 'Aurora 2' armazenados sob atmosfera modificada e refrigeração | |
| 650 | _aPÊSSEGO | ||
| 650 | _aARMAZENAMENTO DE ALIMENTO | ||
| 650 | _aEMBALAGEM | ||
| 650 | _aPLÁSTICO | ||
| 650 | _aREFRIGERAÇÃO | ||
| 650 | _aPOLIETILENO | ||
| 650 | _aFÉCULA | ||
| 650 | _aMANDIOCA | ||
| 650 | _aMINAS GERAIS | ||
| 773 | 0 |
_tRevista Brasileira de Fruticultura (Brazil) _xISSN 0100-2945 _g(Dec 2004), v. 26(3) p. 438-440 _wBR0502371 |
|
| 909 |
_a202311 _bLúcia _c55 _dLúcia Elande |
||
| 942 |
_2AGRIS _n0 _cANA |
||
| 999 |
_c182498 _d182498 |
||